[Event "XXVI Memorial Edoardo Crespi A"]
[Site "Milano ITA"]
[Date "2005.12.07"]
[Round "1"]
[White "Bosi, Clint"]
[Black "Barlocco, Carlo"]
[Result "1-0"]
[WhiteElo "2027"]
[BlackElo "2224"]
[PlyCount "175"]
[EventDate "2005.12.07"]

1. e4 g6 2. d4 Bg7 3. c4 d6 4. Nc3 c5 5. Be3 cxd4 6. Bxd4 Nf6 7. Nd5 Nc6 8.
Nxf6+ exf6 9. Bc3 O-O 10. Qc2 Re8 11. O-O-O Be6 12. Kb1 Qe7 13. Qd2 Rad8 14. b3
f5 15. Bxg7 Kxg7 16. exf5 Bxf5+ 17. Bd3 Bxd3+ 18. Qxd3 Qg5 19. g3 Qf6 20. f4
Nb4 21. Qd2 Qe7 22. Qd4+ Kg8 23. Nf3 Qe2 24. Nd2 Qh5 25. Rhe1 d5 26. cxd5 Qf5+
27. Ne4 Rxd5 28. Qxb4 Rxd1+ 29. Rxd1 Rxe4 30. Qc3 Rxf4+ 31. Kc1 Rf1 32. Rxf1
Qxf1+ 33. Kb2 Qe2+ 34. Ka3 Qe7+ 35. Kb2 f6 36. Qc4+ Kg7 37. Kb1 a6 38. Kb2 Qe5+
39. Kb1 h5 40. a4 g5 41. Qc8 Qe4+ 42. Kb2 Qc6 43. Qf5 Qe8 44. Ka2 Qe7 45. Qf3
Kg6 46. h4 Qe5 47. hxg5 Qxg5 48. Qxb7 Qxg3 49. Qxa6 Qf2+ 50. Ka3 Qc5+ 51. Ka2
Qc2+ 52. Ka3 h4 53. Qe6 Qf5 54. Qg8+ Kh5 55. Qe8+ Kg4 56. Qe2+ Kg5 57. Qg2+ Qg4
58. Qd2+ Qf4 59. Qg2+ Qg3 60. Qd5+ f5 61. a5 h3 62. Qd8+ Kg4 63. Qd1+ Kh4 64.
a6 Qc3 65. Qd8+ Kg4 66. Qd1+ Kh4 67. Qd8+ Kh5 68. Qd1+ Kh6 69. Qd6+ Kg5 70.
Qe7+ Kh5 71. Qh7+ Kg5 72. Qe7+ Kg4 73. Qe2+ Kg3 74. Qe6 Qa1+ 75. Kb4 Qd4+ 76.
Ka5 f4 77. Qe1+ Kg4 78. Qe6+ Kh4 79. Qe7+ Kg4 80. a7 h2 81. Qe6+ Kh5 82. Qh3+
Kg5 83. Qg2+ Kf5 84. a8=Q Qc5+ 85. Ka4 Qd4+ 86. b4 Qa1+ 87. Kb5 Qe5+ 88. Qad5
1-0

[Event "XXVI Memorial Edoardo Crespi A"]
[Site "Milano ITA"]
[Date "2005.12.07"]
[Round "1"]
[White "Bozzali, Ermanno"]
[Black "Crimi, Alessandro"]
[Result "1-0"]
[WhiteElo "2108"]
[BlackElo "1940"]
[PlyCount "101"]
[EventDate "2005.12.07"]

1. e4 c5 2. Nf3 e6 3. d4 cxd4 4. Nxd4 Nf6 5. Nc3 d6 6. g3 a6 7. Bg2 Be7 8. O-O
O-O 9. a4 Qc7 10. Kh1 Bd7 11. f4 Nc6 12. Be3 Rac8 13. Nb3 Nb4 14. a5 Rfd8 15.
Bb6 Qb8 16. Bxd8 Rxd8 17. Na4 d5 18. c3 dxe4 19. Nd4 Nd3 20. Qe2 e5 21. fxe5
Qxe5 22. Nb6 Bg4 23. Qe3 Bh5 24. Rf5 Qc7 25. Rxh5 Nxh5 26. Bxe4 Bd6 27. Qxd3
Bxg3 28. Nd5 Qe5 29. Nf5 Re8 30. Nxg3 Nxg3+ 31. hxg3 Qxe4+ 32. Qxe4 Rxe4 33.
Rd1 Re2 34. Nf4 Re8 35. Rd7 g5 36. Nd5 Re1+ 37. Kg2 Re2+ 38. Kf3 Rxb2 39. Kg4
h6 40. Ne7+ Kg7 41. Nf5+ Kg6 42. Rd6+ f6 43. Ne7+ Kf7 44. Nd5 Rb5 45. Rxf6+ Kg7
46. Rd6 Rxa5 47. Kf5 Kf7 48. Rd7+ Ke8 49. Ke6 Ra1 50. Nf6+ Kf8 51. Rf7# 1-0

[Event "XXVI Memorial Edoardo Crespi A"]
[Site "Milano ITA"]
[Date "2005.12.07"]
[Round "1"]
[White "Brigati, Alessandro"]
[Black "Fossati, Remigio"]
[Result "0-1"]
[WhiteElo "2006"]
[BlackElo "2178"]
[PlyCount "118"]
[EventDate "2005.12.07"]

1. d4 d5 2. c4 Nc6 3. Nf3 Bg4 4. cxd5 Bxf3 5. dxc6 Bxc6 6. Nc3 e6 7. e4 Bb4 8.
Qd3 Qh4 9. e5 Ne7 10. Be3 O-O-O 11. O-O-O Nf5 12. g3 Qh5 13. Be2 Bf3 14. Bxf3
Qxf3 15. Qe4 Qxe4 16. Nxe4 h5 17. h3 Ba5 18. Rd3 Bb6 19. Rhd1 Rd7 20. Kc2 Rhd8
21. Kc3 Ne7 22. Kc4 Rf8 23. b4 Nd5 24. Bc1 Kb8 25. a4 a6 26. a5 Ba7 27. b5
axb5+ 28. Kxb5 Ne7 29. Ba3 Rfd8 30. Bxe7 Rxe7 31. Nc3 c6+ 32. Kc4 Red7 33. f4
g6 34. R1d2 Kc7 35. Rd1 Ra8 36. Ra1 Bb8 37. Rd2 Kd8 38. Rda2 Ba7 39. Rd1 Ke7
40. Ne4 Rad8 41. Nd6 Bb8 42. Rb2 Bxd6 43. exd6+ Kxd6 44. Rdb1 Rb8 45. Rb6 Ra8
46. Rxb7 Rxa5 47. Rxd7+ Kxd7 48. Rb7+ Ke8 49. Rc7 Ra3 50. Kc5 Rxg3 51. Kd6 Kf8
52. Ke5 Kg7 53. Rxc6 Rxh3 54. d5 exd5 55. Kxd5 Re3 56. Rc2 Kf6 57. Kd4 Re7 58.
Rc5 Re8 59. Ra5 h4 0-1

[Event "XXVI Memorial Edoardo Crespi A"]
[Site "Milano ITA"]
[Date "2005.12.07"]
[Round "1"]
[White "Brugo, Marco"]
[Black "Martinez, Rolly"]
[Result "0-1"]
[WhiteElo "2036"]
[BlackElo "2409"]
[PlyCount "62"]
[EventDate "2005.12.07"]

1. d4 d5 2. c4 dxc4 3. Nf3 Nf6 4. e3 e6 5. Bxc4 c5 6. O-O a6 7. Bb3 Nc6 8. Nc3
Qc7 9. Re1 Bd6 10. h3 O-O 11. dxc5 Bxc5 12. e4 Rd8 13. Qc2 Nb4 14. Qe2 Nd3 15.
Rf1 Nh5 16. Be3 Nhf4 17. Qd2 Ne5 18. Qxd8+ Qxd8 19. Nxe5 Bxe3 20. fxe3 Nxh3+
21. Kh2 Ng5 22. Rad1 Qc7 23. Kh1 h5 24. Nf3 Nxf3 25. Rxf3 Bd7 26. Rdf1 Bc6 27.
Rf4 Rf8 28. Rh4 Qe5 29. Bd1 g6 30. Rff4 Rd8 31. g4 Qxc3 0-1

[Event "XXVI Memorial Edoardo Crespi A"]
[Site "Milano ITA"]
[Date "2005.12.07"]
[Round "1"]
[White "Casartelli, Fabio"]
[Black "Tramalloni, Luca"]
[Result "0-1"]
[WhiteElo "1977"]
[BlackElo "2136"]
[PlyCount "92"]
[EventDate "2005.12.07"]

1. d4 Nf6 2. Bg5 e6 3. e4 h6 4. Bxf6 Qxf6 5. e5 Qd8 6. Nd2 d5 7. f4 c5 8. Ngf3
Nc6 9. c3 cxd4 10. Nxd4 Nxd4 11. cxd4 Qb6 12. Nb3 Bb4+ 13. Kf2 Bd7 14. Rc1 O-O
15. Bd3 Bb5 16. Bxb5 Qxb5 17. Qe2 Qb6 18. Rc2 f6 19. Rhc1 fxe5 20. Qxe5 Rf5 21.
Qc7 Bd6 22. Qxb6 Rxf4+ 23. Ke3 axb6 24. Rc8+ Rf8 25. Rxf8+ Kxf8 26. Rf1+ Ke7
27. Nc1 Bxh2 28. g3 Bxg3 29. Rg1 Bh4 30. Rxg7+ Kf6 31. Rg1 Bg5+ 32. Kf3 Bxc1
33. Rxc1 Rxa2 34. Rc2 e5 35. dxe5+ Kxe5 36. Re2+ Kd4 37. Rd2+ Kc4 38. Ke3 b5
39. Rd4+ Kb3 40. Rxd5 b4 41. Rh5 Kxb2 42. Rxh6 Ra6 43. Rh4 Rb6 44. Kd3 b3 45.
Rh2+ Ka3 46. Rh1 b2 0-1

[Event "XXVI Memorial Edoardo Crespi A"]
[Site "Milano ITA"]
[Date "2005.12.07"]
[Round "1"]
[White "Cazzaniga, Walter"]
[Black "Cartella, Giovanni"]
[Result "1-0"]
[WhiteElo "2104"]
[BlackElo "1937"]
[PlyCount "61"]
[EventDate "2005.12.07"]

1. d4 Nf6 2. c4 g6 3. Nc3 d5 4. Nf3 Bg7 5. Qb3 c6 6. Bf4 O-O 7. e3 e6 8. h3
Nbd7 9. Be2 dxc4 10. Bxc4 Nb6 11. Be2 Nbd5 12. Bh2 Qb6 13. Qc2 Re8 14. O-O Nxc3
15. bxc3 Qa5 16. c4 c5 17. Rab1 a6 18. Ne5 cxd4 19. exd4 Qd8 20. Bf3 Qxd4 21.
Bxb7 Bxb7 22. Rxb7 Rac8 23. Rd1 Qc5 24. Nxf7 Qxc4 25. Qxc4 Rxc4 26. Be5 Rec8
27. Bxf6 Bxf6 28. Nh6+ Kh8 29. Rdd7 Rc1+ 30. Kh2 R1c7 31. Nf7+ 1-0

[Event "XXVI Memorial Edoardo Crespi A"]
[Site "Milano ITA"]
[Date "2005.12.07"]
[Round "1"]
[White "Damia, Angelo"]
[Black "Ranfagni, Stefano"]
[Result "1/2-1/2"]
[WhiteElo "2137"]
[BlackElo "1981"]
[PlyCount "111"]
[EventDate "2005.12.07"]

1. e4 e6 2. d4 d5 3. Nc3 dxe4 4. Nxe4 Nd7 5. Nf3 Ngf6 6. Neg5 h6 7. Nh3 c5 8.
Be2 cxd4 9. Nxd4 Bc5 10. Nb3 Bb6 11. O-O O-O 12. a4 a6 13. a5 Ba7 14. Bf3 Ne5
15. Bf4 Qxd1 16. Bxd1 Ng6 17. Bg3 e5 18. Re1 Bxh3 19. gxh3 Rfe8 20. Nd2 Rad8
21. Nc4 e4 22. Ra3 Nd5 23. Nd6 Bc5 24. Nxe8 Bxa3 25. bxa3 Rxe8 26. c4 Ndf4 27.
Ba4 Re7 28. Bc2 f5 29. f3 Nxh3+ 30. Kg2 Ng5 31. fxe4 Nxe4 32. Bxe4 fxe4 33. Bd6
Re6 34. c5 Nh4+ 35. Kf2 Nf5 36. Rd1 Kf7 37. Rb1 e3+ 38. Ke2 Nd4+ 39. Kd3 e2 40.
Bg3 Nf3 41. Rxb7+ Kf6 42. Rb6 e1=Q 43. Bxe1 Nxe1+ 44. Kc4 Nc2 45. c6 Nxa3+ 46.
Kc5 Re5+ 47. Kb4 Nc2+ 48. Kc4 Ke7 49. Rxa6 Kd6 50. Ra7 Kxc6 51. Rxg7 h5 52. a6
Ra5 53. a7 Kb6 54. Rh7 Ne3+ 55. Kb3 Nf1 56. Rxh5 1/2-1/2

[Event "XXVI Memorial Edoardo Crespi A"]
[Site "Milano ITA"]
[Date "2005.12.07"]
[Round "1"]
[White "Del Rey, Diego"]
[Black "Cereda, Loris"]
[Result "1-0"]
[WhiteElo "2425"]
[BlackElo "2044"]
[PlyCount "59"]
[EventDate "2005.12.07"]

1. d4 Nf6 2. Bg5 c6 3. Nd2 d5 4. e3 Bf5 5. Ngf3 Nbd7 6. Bd3 Bxd3 7. cxd3 e6 8.
O-O Be7 9. e4 dxe4 10. dxe4 Nb6 11. e5 Nfd5 12. Ne4 O-O 13. Qd3 h6 14. Bxe7
Qxe7 15. a3 Rad8 16. b4 Nf4 17. Qd2 Ng6 18. g3 Qd7 19. Rfe1 Qd5 20. Rac1 Nc4
21. Qc3 b5 22. Rcd1 Ne7 23. Rd3 Kh7 24. Qc2 Ng6 25. Rc3 Kh8 26. Qc1 Kh7 27. h4
Rd7 28. h5 Ne7 29. Rd3 f5 30. Nc3 1-0

[Event "XXVI Memorial Edoardo Crespi A"]
[Site "Milano ITA"]
[Date "2005.12.07"]
[Round "1"]
[White "Fezza, Davide"]
[Black "Sardo, Gabriele"]
[Result "1-0"]
[WhiteElo "2033"]
[BlackElo "2194"]
[PlyCount "61"]
[EventDate "2005.12.07"]

1. e4 c5 2. Nf3 d6 3. d4 cxd4 4. Nxd4 Nf6 5. Nc3 a6 6. Bg5 e6 7. f4 Nbd7 8. Qf3
Qc7 9. O-O-O b5 10. Bd3 Bb7 11. Rhe1 O-O-O 12. a3 h6 13. Bh4 Rg8 14. Qe3 g5 15.
fxg5 hxg5 16. Bxg5 Ng4 17. Bxd8 Qxc3 18. Qg1 Qc5 19. Ba5 Nde5 20. Bc3 Bh6+ 21.
Kb1 Nc4 22. Bxc4 Qxc4 23. Nb3 Bxe4 24. Rd4 Bxc2+ 25. Kxc2 Qc6 26. g3 e5 27. Na5
Qc7 28. Qg2 Kb8 29. Nc6+ Kc8 30. Ne7+ Kb8 31. Nxg8 1-0

[Event "XXVI Memorial Edoardo Crespi A"]
[Site "Milano ITA"]
[Date "2005.12.07"]
[Round "1"]
[White "Fiorili, Roberto"]
[Black "Massironi, Marco"]
[Result "0-1"]
[WhiteElo "1963"]
[BlackElo "2112"]
[PlyCount "74"]
[EventDate "2005.12.07"]

1. d4 Nf6 2. c4 g6 3. Nc3 d5 4. cxd5 Nxd5 5. e4 Nxc3 6. bxc3 Bg7 7. Bc4 c5 8.
Ne2 O-O 9. O-O Nc6 10. Be3 Qc7 11. Rc1 Rd8 12. f4 e6 13. e5 b6 14. Qc2 Ne7 15.
Bd3 Nd5 16. Bd2 Bb7 17. Be4 c4 18. g4 Bh6 19. Ng3 Qd7 20. Rce1 b5 21. f5 Bf8
22. fxg6 hxg6 23. Bxg6 fxg6 24. Qxg6+ Qg7 25. Qxe6+ Kh8 26. Rf7 Bc8 27. Rxg7
Bxe6 28. Rg5 Be7 29. Rh5+ Kg8 30. Nf5 Bxf5 31. gxf5 b4 32. f6 bxc3 33. Bg5 Ba3
34. f7+ Kxf7 35. Bxd8 Rxd8 36. e6+ Kf6 37. Rxd5 Rxd5 0-1

[Event "XXVI Memorial Edoardo Crespi A"]
[Site "Milano ITA"]
[Date "2005.12.07"]
[Round "1"]
[White "Giannetta, Paolo"]
[Black "Ramiro Ovejero, Juan Luis"]
[Result "0-1"]
[WhiteElo "2039"]
[BlackElo "2332"]
[PlyCount "50"]
[EventDate "2005.12.07"]

1. d4 d5 2. Bg5 c6 3. Nf3 Qb6 4. Qc1 Bf5 5. e3 Nd7 6. c4 e6 7. c5 Qa5+ 8. Nbd2
b6 9. cxb6 Qxb6 10. Nh4 h6 11. Nxf5 hxg5 12. Ng3 Bd6 13. Be2 Bxg3 14. fxg3 Ngf6
15. O-O O-O 16. Nf3 g4 17. Ng5 c5 18. Qd1 Qxb2 19. Rb1 Qa3 20. Rb3 Qxa2 21. Rb7
Rab8 22. Rxb8 Rxb8 23. Bxg4 Qb3 24. Qf3 cxd4 25. Bh5 Ne5 0-1

[Event "XXVI Memorial Edoardo Crespi A"]
[Site "Milano ITA"]
[Date "2005.12.07"]
[Round "1"]
[White "Iudicello, Giovanni"]
[Black "Cavatorta, Fosco"]
[Result "1-0"]
[WhiteElo "2154"]
[BlackElo "1984"]
[PlyCount "93"]
[EventDate "2005.12.07"]

1. e4 d6 2. d4 Nf6 3. Nc3 g6 4. Be2 Bg7 5. Be3 O-O 6. Qd2 c6 7. Bh6 b5 8. f3
Nbd7 9. h4 Qa5 10. Bxg7 Kxg7 11. g4 Nb6 12. h5 Rh8 13. Nh3 h6 14. hxg6 fxg6 15.
a3 Be6 16. Rg1 Nc4 17. Bxc4 bxc4 18. g5 Bxh3 19. gxf6+ exf6 20. Qh2 Bd7 21.
Qxd6 Qd8 22. O-O-O Rc8 23. Qc5 Rc7 24. Qxc4 Re8 25. Qc5 Qb8 26. f4 Rb7 27. f5
g5 28. b3 Qf4+ 29. Kb2 Rf8 30. Rgf1 Qb8 31. Rd3 Rf7 32. Rh3 Qf8 33. Qxf8+ Rxf8
34. Rfh1 Rh8 35. Na4 Bc8 36. Nc5 Re7 37. c4 Ree8 38. Kc3 Rd8 39. b4 Rd6 40. a4
Bd7 41. e5 fxe5 42. dxe5 Bxf5 43. exd6 Bxh3 44. Rxh3 g4 45. Rh4 h5 46. d7 Kf6
47. Rxh5 1-0

[Event "XXVI Memorial Edoardo Crespi A"]
[Site "Milano ITA"]
[Date "2005.12.07"]
[Round "1"]
[White "Magrini, Fabrizio"]
[Black "Di Marco, Ruggero"]
[Result "1-0"]
[WhiteElo "2067"]
[BlackElo "1922"]
[PlyCount "51"]
[EventDate "2005.12.07"]

1. e4 c5 2. Nf3 d6 3. d4 cxd4 4. Nxd4 Nf6 5. Nc3 a6 6. Bg5 e6 7. f4 Qc7 8. Qf3
Nc6 9. O-O-O Bd7 10. g4 O-O-O 11. Bh4 Be7 12. Nb3 Na5 13. g5 Ne8 14. Kb1 g6 15.
Be1 Nxb3 16. cxb3 Bc6 17. Rc1 Ng7 18. Nd5 exd5 19. exd5 Kd7 20. dxc6+ bxc6 21.
Bc3 Rhg8 22. Bxg7 Rxg7 23. Bh3+ Ke8 24. Rxc6 Qb7 25. Qc3 Kf8 26. Re1 1-0

[Event "XXVI Memorial Edoardo Crespi A"]
[Site "Milano ITA"]
[Date "2005.12.07"]
[Round "1"]
[White "Mazzariol, Oscar"]
[Black "Ranola, Yves"]
[Result "0-1"]
[WhiteElo "2065"]
[BlackElo "2455"]
[PlyCount "62"]
[EventDate "2005.12.07"]

1. d4 Nf6 2. Nf3 e6 3. Bg5 c5 4. e3 Qb6 5. Qc1 Nc6 6. c3 d5 7. Bd3 Bd7 8. Nbd2
h6 9. Bh4 Rc8 10. Qb1 cxd4 11. exd4 Nh5 12. O-O g5 13. Bg3 Nxg3 14. hxg3 g4 15.
Nh2 h5 16. Re1 Bd6 17. Ndf1 Kd8 18. Re2 Kc7 19. Qc1 Kb8 20. Qe3 f5 21. Rd1 h4
22. f4 gxf3 23. Qxf3 hxg3 24. Nxg3 Rcg8 25. Nhf1 Ne5 26. Rxe5 Bxe5 27. Rd2 Bc7
28. Nh5 e5 29. Bxf5 e4 30. Qh3 Be8 31. Bg4 Bxh5 0-1

[Event "XXVI Memorial Edoardo Crespi A"]
[Site "Milano ITA"]
[Date "2005.12.07"]
[Round "1"]
[White "Nannelli, Paolo"]
[Black "Gandolfi, Gianfranco"]
[Result "1-0"]
[WhiteElo "2172"]
[BlackElo "1901"]
[PlyCount "55"]
[EventDate "2005.12.07"]

1. d4 c5 2. d5 Nf6 3. c4 e6 4. Nc3 exd5 5. cxd5 d6 6. Nf3 g6 7. Bg5 Bg7 8. Nd2
h6 9. Bh4 g5 10. Bg3 Nh5 11. Qa4+ Kf8 12. e4 a6 13. Be2 Nxg3 14. hxg3 Nd7 15.
Qc2 b5 16. a4 b4 17. Nd1 Ne5 18. Ne3 Qf6 19. Rc1 Ra7 20. O-O g4 21. Ndc4 Nxc4
22. Nxc4 a5 23. e5 dxe5 24. Ne3 Rc7 25. Rfd1 c4 26. d6 Rd7 27. Qxc4 Bb7 28. Qb5
1-0

[Event "XXVI Memorial Edoardo Crespi A"]
[Site "Milano ITA"]
[Date "2005.12.07"]
[Round "1"]
[White "Nardone, Massimo"]
[Black "Capata, Ion"]
[Result "0-1"]
[WhiteElo "1910"]
[BlackElo "2090"]
[PlyCount "80"]
[EventDate "2005.12.07"]

1. c4 e6 2. Nf3 d5 3. b3 Nf6 4. Bb2 c5 5. e3 Nc6 6. d4 cxd4 7. Nxd4 Bb4+ 8. Bc3
Qa5 9. Bd2 Nxd4 10. exd4 Ne4 11. Bxb4 Qxb4+ 12. Nd2 Qc3 13. Rc1 Qxd4 14. Nxe4
Qxe4+ 15. Qe2 Qxe2+ 16. Bxe2 dxc4 17. Rxc4 O-O 18. Rc7 e5 19. Bc4 Rb8 20. Re7
b5 21. Bd5 Bf5 22. Rxe5 Rfe8 23. Re3 Rxe3+ 24. fxe3 Rd8 25. Bf3 Bb1 26. O-O
Bxa2 27. Ra1 Rd2 28. Bc6 b4 29. Rc1 Bxb3 30. Ba4 Be6 31. Rc7 g6 32. Rxa7 Ra2
33. Ra8+ Kg7 34. Bc6 Rxa8 35. Bxa8 b3 36. Be4 Bf5 37. Bd5 b2 38. Ba2 b1=Q+ 39.
Bxb1 Bxb1 40. g4 g5 0-1

[Event "XXVI Memorial Edoardo Crespi A"]
[Site "Milano ITA"]
[Date "2005.12.07"]
[Round "1"]
[White "Pace, Pietro Dario"]
[Black "Grillo, Francesco"]
[Result "1-0"]
[WhiteElo "2233"]
[BlackElo "2037"]
[PlyCount "75"]
[EventDate "2005.12.07"]

1. e4 d5 2. exd5 Qxd5 3. Nc3 Qa5 4. d4 Nf6 5. Bc4 c6 6. Nf3 Bf5 7. Bd2 e6 8.
Bb3 Qc7 9. Qe2 Bd6 10. d5 cxd5 11. Nd4 O-O 12. Ncb5 Qb6 13. Nxd6 Qxd6 14. Nxf5
exf5 15. O-O-O Nc6 16. Bg5 d4 17. Qf3 h6 18. h4 a5 19. Qxf5 Ne7 20. Qf4 Qxf4+
21. Bxf4 Nc6 22. Bc4 Rfd8 23. a3 Rac8 24. Bd3 Re8 25. Rhe1 Rxe1 26. Rxe1 Re8
27. Rxe8+ Nxe8 28. Be4 Kf8 29. Kd2 Ke7 30. Bxc6 bxc6 31. Kd3 c5 32. Kc4 Nd6+
33. Kd5 Nf5 34. g3 f6 35. h5 Kd7 36. Kxc5 Ke6 37. g4 Ne7 38. Kxd4 1-0

[Event "XXVI Memorial Edoardo Crespi A"]
[Site "Milano ITA"]
[Date "2005.12.07"]
[Round "1"]
[White "Papa, Angelo"]
[Black "Carraminana Lopez, Luis Antonio"]
[Result "1-0"]
[WhiteElo "1900"]
[BlackElo "2072"]
[PlyCount "33"]
[EventDate "2005.12.07"]

1. d4 d6 2. e4 Nf6 3. Nc3 Nbd7 4. Nf3 e5 5. Bc4 Be7 6. dxe5 dxe5 7. Ng5 O-O 8.
Bxf7+ Rxf7 9. Ne6 Qe8 10. Nxc7 Qd8 11. Nxa8 b5 12. Nd5 Nxd5 13. Qxd5 Nf6 14.
Qxb5 Nxe4 15. O-O Bc5 16. Be3 a6 17. Qd3 1-0

[Event "XXVI Memorial Edoardo Crespi A"]
[Site "Milano ITA"]
[Date "2005.12.07"]
[Round "1"]
[White "Piantoni, Pierino"]
[Black "Facchetti, Gianni"]
[Result "0-1"]
[WhiteElo "1974"]
[BlackElo "2123"]
[PlyCount "99"]
[EventDate "2005.12.07"]

1. c4 Nf6 2. Nc3 d6 3. g3 e5 4. Bg2 Nbd7 5. e3 c6 6. Nge2 Be7 7. O-O Qc7 8. d4
a6 9. a4 b6 10. a5 bxa5 11. Qa4 Bb7 12. Qxa5 Qxa5 13. Rxa5 O-O 14. f4 exf4 15.
Rxf4 Rfc8 16. b3 Rab8 17. Ra1 Ba8 18. Rb1 Nf8 19. Rf5 c5 20. dxc5 dxc5 21. Bxa8
Rxa8 22. Nd5 Nxd5 23. Rxd5 Rab8 24. e4 Ne6 25. Be3 h6 26. e5 Rb7 27. Nc3 Rcb8
28. Ne4 Rc8 29. Nd6 Bxd6 30. Rxd6 Rcb8 31. Rxa6 Rxb3 32. Rxb3 Rxb3 33. Kf2 Rb4
34. Ra8+ Kh7 35. Ke2 Rxc4 36. Kd3 Rb4 37. Kc3 Rb1 38. Ra2 Kg6 39. g4 Rb4 40. h3
Re4 41. Kd3 Rxe5 42. Ra6 f6 43. Rc6 h5 44. Rd6 hxg4 45. hxg4 f5 46. Bxc5 Kg5
47. gxf5 Nxc5+ 48. Kd4 Rxf5 49. Rc6 g6 50. Rc8 0-1

[Event "XXVI Memorial Edoardo Crespi A"]
[Site "Milano ITA"]
[Date "2005.12.07"]
[Round "1"]
[White "Regorda, Vittorio"]
[Black "Astengo, Corrado"]
[Result "1/2-1/2"]
[WhiteElo "1938"]
[BlackElo "2105"]
[PlyCount "87"]
[EventDate "2005.12.07"]

1. c4 c6 2. Nc3 d5 3. cxd5 cxd5 4. d4 Nf6 5. Bf4 Nc6 6. Nf3 Bf5 7. e3 a6 8. a3
e6 9. Bd3 Bxd3 10. Qxd3 Rc8 11. O-O Na5 12. e4 dxe4 13. Nxe4 Nxe4 14. Qxe4 Be7
15. Rfe1 O-O 16. b4 Nc6 17. Rad1 Qd5 18. Qxd5 exd5 19. Ne5 Rfe8 20. Nxc6 bxc6
21. Re3 Bf6 22. Bd6 Rxe3 23. fxe3 Bg5 24. Kf2 Re8 25. Rd3 Re6 26. Be5 Be7 27.
Rc3 f6 28. Bc7 Kf7 29. Bb6 Ke8 30. Bc5 Bd8 31. Rb3 f5 32. a4 Bg5 33. g3 h5 34.
h4 Bh6 35. Ba7 g5 36. Bb8 gxh4 37. gxh4 Re4 38. Be5 Rxh4 39. b5 cxb5 40. axb5
axb5 41. Rxb5 Re4 42. Rxd5 Bxe3+ 43. Kf3 Kf7 44. Rd6 1/2-1/2

[Event "XXVI Memorial Edoardo Crespi A"]
[Site "Milano ITA"]
[Date "2005.12.07"]
[Round "1"]
[White "Salmoiraghi, Angelo"]
[Black "Canova, Luca"]
[Result "1-0"]
[WhiteElo "1959"]
[BlackElo "2103"]
[PlyCount "97"]
[EventDate "2005.12.07"]

1. e4 e5 2. Nf3 Nc6 3. Bb5 a6 4. Ba4 Nf6 5. O-O Be7 6. Re1 b5 7. Bb3 O-O 8. d3
d6 9. h3 Bb7 10. c3 Na5 11. Bc2 c5 12. Nbd2 Nd7 13. d4 Bf6 14. Nf1 cxd4 15.
cxd4 Nc6 16. Be3 Rc8 17. Rc1 Re8 18. Ng3 g6 19. d5 Nb4 20. Bb1 a5 21. a3 Na6
22. Qe2 Nc7 23. Qd2 a4 24. Qb4 Be7 25. Bd3 Nc5 26. Bb1 f6 27. Red1 Qd7 28. Ba2
N7a6 29. Qd2 Bf8 30. Nh2 h5 31. h4 Rc7 32. f4 exf4 33. Bxf4 Bg7 34. Nf3 Rec8
35. Nd4 Rb8 36. Ne6 Rcc8 37. Be3 Kh7 38. Rf1 Ba8 39. Bd4 Nxe6 40. dxe6 Qe7 41.
Rxc8 Rxc8 42. Qd3 Nc7 43. Nxh5 Nxe6 44. Bxe6 Qxe6 45. Nxg7 Kxg7 46. Rxf6 Qb3
47. Qf1 Qc4 48. Rxg6+ Kxg6 49. Qf5+ 1-0

[Event "XXVI Memorial Edoardo Crespi A"]
[Site "Milano ITA"]
[Date "2005.12.07"]
[Round "1"]
[White "Salvador, Roland"]
[Black "Candura, Stefano"]
[Result "1-0"]
[WhiteElo "2397"]
[BlackElo "2039"]
[PlyCount "73"]
[EventDate "2005.12.07"]

1. d4 e6 2. c4 f5 3. Nc3 Nf6 4. g3 Be7 5. Bg2 O-O 6. Nh3 c6 7. d5 d6 8. dxe6
Bxe6 9. b3 Na6 10. O-O Nc7 11. Qc2 Qe8 12. Rd1 Rd8 13. Be3 a6 14. Bb6 Rc8 15.
Nf4 Qf7 16. Nxe6 Qxe6 17. Bh3 Nd7 18. Bxc7 Rxc7 19. e4 g6 20. exf5 gxf5 21. Ne2
Ne5 22. Nd4 Qh6 23. Bxf5 Rf6 24. f4 Nf7 25. Re1 Bf8 26. Re8 Re7 27. Rxe7 Bxe7
28. Re1 Bf8 29. Re8 Qh5 30. Ne6 Nh8 31. Bxh7+ Qxh7 32. Rxf8+ Rxf8 33. Qxh7+
Kxh7 34. Nxf8+ Kg8 35. Ne6 Nf7 36. Kg2 Kh7 37. Ng5+ 1-0

[Event "XXVI Memorial Edoardo Crespi A"]
[Site "Milano ITA"]
[Date "2005.12.07"]
[Round "1"]
[White "Tencati, Giuseppe"]
[Black "Attianese, Aniello"]
[Result "1-0"]
[WhiteElo "2132"]
[BlackElo "1974"]
[PlyCount "97"]
[EventDate "2005.12.07"]

1. d4 d5 2. c4 e5 3. dxe5 d4 4. Nf3 Nc6 5. g3 Nge7 6. Bg2 Ng6 7. O-O Ngxe5 8.
Nbd2 Be7 9. a3 a5 10. Qc2 d3 11. exd3 Qxd3 12. Qxd3 Nxd3 13. Ne4 Be6 14. b3 a4
15. b4 Bxc4 16. Be3 Rd8 17. Rfd1 O-O 18. Nfd2 Bd5 19. Bf1 Be6 20. Nc3 Bf6 21.
Nde4 Bxc3 22. Nxc3 Nde5 23. Rxd8 Rxd8 24. Nxa4 Nf3+ 25. Kh1 Nce5 26. Bg2 b6 27.
Nc3 Bb3 28. a4 Rd3 29. Rc1 Kf8 30. a5 bxa5 31. bxa5 Bc4 32. Ne4 Bd5 33. Nc5 Ra3
34. a6 Ra2 35. Bd4 Ng4 36. Re1 h5 37. Bxf3 Bxf3+ 38. Kg1 Kg8 39. Ra1 Rxa1+ 40.
Bxa1 Kf8 41. a7 Ke7 42. Bxg7 Kd6 43. Nd3 f6 44. Nf4 c5 45. Bf8+ Kc7 46. Bxc5
Ne5 47. Nxh5 Nd7 48. Bd4 f5 49. Ng7 1-0

[Event "XXVI Memorial Edoardo Crespi A"]
[Site "Milano ITA"]
[Date "2005.12.07"]
[Round "1"]
[White "Van Hoolandt, Patrick"]
[Black "Kopischke, Maik"]
[Result "1-0"]
[WhiteElo "2185"]
[BlackElo "2007"]
[PlyCount "95"]
[EventDate "2005.12.07"]

1. d4 Nf6 2. c4 c5 3. d5 b5 4. cxb5 a6 5. bxa6 Bxa6 6. Nc3 g6 7. Nf3 d6 8. g3
Bg7 9. Bg2 Nbd7 10. Rb1 O-O 11. O-O Qa5 12. Bd2 Rfb8 13. b3 Ra7 14. Qc2 Qc7 15.
Rfe1 Nb6 16. e4 Nfd7 17. Be3 Rab7 18. Bf1 Bxf1 19. Kxf1 Ra8 20. Nb5 Qc8 21. a4
Nf6 22. Kg2 Ng4 23. Bf4 Qd7 24. h3 Nf6 25. Nd2 Nh5 26. Be3 Rc8 27. Nc4 Nf6 28.
Rbd1 h5 29. f3 Nh7 30. Na5 Rbb8 31. Nc6 Rb7 32. Qe2 Qe8 33. h4 Nf8 34. Bf4 Ra8
35. Qc2 Ra6 36. Bxd6 exd6 37. Nxd6 Qd7 38. Nxb7 Qxb7 39. Qxc5 Nfd7 40. Qc2 Nc8
41. e5 Rb6 42. Rd3 Kh7 43. Nd8 Qb8 44. Nxf7 Nxe5 45. Nxe5 Bxe5 46. f4 Bd6 47.
Re8 Bc7 48. Qc3 1-0

[Event "XXVI Memorial Edoardo Crespi A"]
[Site "Milano ITA"]
[Date "2005.12.07"]
[Round "1"]
[White "Zanetti, Alberto"]
[Black "Cervini, Gian Piero"]
[Result "1-0"]
[WhiteElo "2219"]
[BlackElo "2028"]
[PlyCount "93"]
[EventDate "2005.12.07"]

1. e4 d6 2. d4 Nf6 3. Nc3 g6 4. f4 Bg7 5. Nf3 O-O 6. Be2 Nbd7 7. O-O c6 8. Kh1
b5 9. e5 Ne8 10. Be3 Nc7 11. a3 Nb6 12. Qe1 Bf5 13. Rc1 a5 14. Nh4 Be6 15. f5
Bc4 16. Qg3 Bxe2 17. Nxe2 Nc4 18. b3 Nxe3 19. Qxe3 Nd5 20. Qe4 dxe5 21. dxe5
Qc7 22. c4 bxc4 23. bxc4 Nb6 24. Nf3 Nd7 25. e6 Nf6 26. Qh4 Nh5 27. g4 Bf6 28.
g5 Bb2 29. Rc2 Bxa3 30. Qe4 Bd6 31. Ned4 Ng7 32. c5 Bf4 33. exf7+ Rxf7 34. fxg6
hxg6 35. Qxg6 Qd7 36. Re1 Rd8 37. Nxc6 Qd5 38. Qe4 Qxe4 39. Rxe4 Rd1+ 40. Kg2
Nf5 41. Rc3 e5 42. Nxa5 Nd4 43. Nc4 Nxf3 44. Rxf3 Rg7 45. h4 Re7 46. Rfxf4 Rd4
47. Rxd4 1-0

[Event "XXVI Memorial Edoardo Crespi A"]
[Site "Milano ITA"]
[Date "2005.12.08"]
[Round "2"]
[White "Attianese, Aniello"]
[Black "Bellani, Alessandro"]
[Result "1/2-1/2"]
[WhiteElo "1974"]
[BlackElo "2116"]
[PlyCount "80"]
[EventDate "2005.12.07"]

1. d4 Nf6 2. c4 g6 3. Nc3 Bg7 4. e4 d6 5. f4 O-O 6. Nf3 c5 7. d5 e6 8. Be2 exd5
9. e5 dxe5 10. fxe5 Ng4 11. Bg5 Qa5 12. cxd5 Nxe5 13. O-O Bf5 14. Nxe5 Bxe5 15.
Rxf5 gxf5 16. Qc2 Qb6 17. Rf1 Qg6 18. Rxf5 f6 19. Bd3 Bd4+ 20. Kh1 Nd7 21. h4
Rae8 22. Rxf6 Nxf6 23. Bxg6 Ng4 24. Bxh7+ Kh8 25. g3 Rf2 26. Qxf2 Nxf2+ 27. Kg2
Kxh7 28. d6 Bxc3 29. bxc3 Ne4 30. d7 Rg8 31. d8=Q Rxd8 32. Bxd8 Nxc3 33. Kf3
Nxa2 34. Ke4 b5 35. Kd5 c4 36. Kd4 Nc1 37. Bc7 a5 38. Kc5 Ne2 39. Bxa5 c3 40.
Bxc3 Nxc3 1/2-1/2